000 00583nam a2200193 i 4500
001 110112
003 ES-MaACL
005 20260213163143.0
007 t|
008 061121s1966 sp |||| | spa d
100 1 _aMojica, Vicente.
_981827
245 1 3 _aLa paz nos esperaba /
_cVicente Mojica ; preliminar de Vicente Ramos.
260 _aAlicante :
_bCaja de Ahorros del Sureste de EspaƱa,
_c1966.
300 _a47 p. ;
_c22 cm.
700 1 _aRamos, Vicente,
_d1919-2011
_9170547
700 2 _a
_9242802
852 _aES-MaACL
_j2050-F-28
999 _c110112
_d110112